MARC details
| 000 -LEADER |
| fixed length control field |
02464cjm a2200529 a 4500 |
| 001 - CONTROL NUMBER |
| control field |
21502131 |
| 003 - CONTROL NUMBER IDENTIFIER |
| control field |
OSt |
| 005 - DATE AND TIME OF LATEST TRANSACTION |
| control field |
20211029082253.0 |
| 007 - PHYSICAL DESCRIPTION FIXED FIELD--GENERAL INFORMATION |
| fixed length control field |
sd fsngnnmmneu |
| 008 - FIXED-LENGTH DATA ELEMENTS--GENERAL INFORMATION |
| fixed length control field |
200415r1994198ucaurcn| fi | eng d |
| 010 ## - LIBRARY OF CONGRESS CONTROL NUMBER |
| LC control number |
2020619334 |
| 024 1# - OTHER STANDARD IDENTIFIER |
| Standard number or code |
052824223127 |
| 028 02 - PUBLISHER OR DISTRIBUTOR NUMBER |
| Publisher or distributor number |
GNPD 2231 |
| Source |
GNP Crescendo Records |
| 035 ## - SYSTEM CONTROL NUMBER |
| System control number |
(OCoLC)ocm34727958 |
| 040 ## - CATALOGING SOURCE |
| Original cataloging agency |
OWL |
| Language of cataloging |
eng |
| Description conventions |
rda |
| Transcribing agency |
hu |
| Modifying agency |
OCLCQ |
| -- |
OCLCF |
| -- |
OCLCO |
| -- |
OCL |
| -- |
OCLCQ |
| -- |
DLC |
| 042 ## - AUTHENTICATION CODE |
| Authentication code |
lccopycat |
| 050 00 - LIBRARY OF CONGRESS CALL NUMBER |
| Classification number |
SDD 36158 |
| 245 00 - TITLE STATEMENT |
| Title |
#1 hits 1980-1984. |
| 246 3# - VARYING FORM OF TITLE |
| Title proper/short title |
Number one hits 1980-1984 |
| 264 #1 - PRODUCTION, PUBLICATION, DISTRIBUTION, MANUFACTURE, AND COPYRIGHT NOTICE |
| Place of production, publication, distribution, manufacture |
Hollywood, California : |
| Name of producer, publisher, distributor, manufacturer |
GNP Crescendo Records, |
| Date of production, publication, distribution, manufacture, or copyright notice |
[1994] |
| 264 #4 - PRODUCTION, PUBLICATION, DISTRIBUTION, MANUFACTURE, AND COPYRIGHT NOTICE |
| Date of production, publication, distribution, manufacture, or copyright notice |
©1994. |
| 300 ## - PHYSICAL DESCRIPTION |
| Extent |
1 audio disc : |
| Other physical details |
digital ; |
| Dimensions |
4 3/4 in. |
| 336 ## - CONTENT TYPE |
| Content type term |
performed music |
| Content type code |
prm |
| Source |
rdacontent |
| 337 ## - MEDIA TYPE |
| Media type term |
audio |
| Media type code |
s |
| Source |
rdamedia |
| 338 ## - CARRIER TYPE |
| Carrier type term |
audio disc |
| Carrier type code |
sd |
| Source |
rdacarrier |
| 344 ## - SOUND CHARACTERISTICS |
| Type of recording |
digital |
| Source |
rdatr |
| 344 ## - SOUND CHARACTERISTICS |
| Recording medium |
optical |
| Source |
rdarm |
| 344 ## - SOUND CHARACTERISTICS |
| Configuration of playback channels |
stereo |
| Source |
rdacpc |
| 347 ## - DIGITAL FILE CHARACTERISTICS |
| File type |
audio file |
| Source |
rdaft |
| 347 ## - DIGITAL FILE CHARACTERISTICS |
| Encoding format |
CD audio |
| 500 ## - GENERAL NOTE |
| General note |
Title from disc label. |
| 500 ## - GENERAL NOTE |
| General note |
Compilation. |
| 500 ## - GENERAL NOTE |
| General note |
Selections previously released from various releases from the 1980s. |
| 500 ## - GENERAL NOTE |
| General note |
Program notes and credits on insert in container. |
| 505 00 - FORMATTED CONTENTS NOTE |
| Title |
What's love got to do with it |
| Statement of responsibility |
(Tina Turner) |
| Miscellaneous information |
(3:48) -- |
| Title |
Down under |
| Statement of responsibility |
(Men At Work) |
| Miscellaneous information |
(3:41) -- |
| Title |
Up where we belong |
| Statement of responsibility |
(Joe Cocker & Jennifer Warnes) |
| Miscellaneous information |
(4:00) -- |
| Title |
Caribbean queen |
| Statement of responsibility |
(Billy Ocean) |
| Miscellaneous information |
(4:06) -- |
| Title |
Chariots of fire |
| Statement of responsibility |
(Vangelis) |
| Miscellaneous information |
(3:33) -- |
| Title |
Africa |
| Statement of responsibility |
(TOTO) |
| Miscellaneous information |
(4:23) -- |
| Title |
Total eclipse of the heart |
| Statement of responsibility |
(Bonnie Tyler) |
| Miscellaneous information |
(6:59) -- |
| Title |
Who can it be now |
| Statement of responsibility |
(Men At Work) |
| Miscellaneous information |
(3:21) -- |
| Title |
Bette Davis eyes |
| Statement of responsibility |
(Kim Carnes) |
| Miscellaneous information |
(3:47) -- |
| Title |
Call me |
| Statement of responsibility |
(Blondie) |
| Miscellaneous information |
(3:32) -- |
| Title |
The one that you love |
| Statement of responsibility |
(Air Supply) |
| Miscellaneous information |
(4:17) -- |
| Title |
Ghostbusters |
| Statement of responsibility |
(Ray Parker Jr.) |
| Miscellaneous information |
(4:03) -- |
| Title |
Do that to me one more time |
| Statement of responsibility |
(The Captain & Tennille) |
| Miscellaneous information |
(3:45) -- |
| Title |
Jessie's girl |
| Statement of responsibility |
(Rick Springfield) |
| Miscellaneous information |
(3:14) -- |
| Title |
Funkytown |
| Statement of responsibility |
(Lipp's Inc.) |
| Miscellaneous information |
(7:51). |
| 508 ## - CREATION/PRODUCTION CREDITS NOTE |
| Creation/production credits note |
Michelle Eagle-Wolfe, executive album producer; sound produced for CD by Neil Norman; Bob Fisher, remastering. |
| 511 0# - PARTICIPANT OR PERFORMER NOTE |
| Participant or performer note |
Various performers. |
| 648 #7 - SUBJECT ADDED ENTRY--CHRONOLOGICAL TERM |
| Chronological term |
1971-1990 |
| Source of heading or term |
fast |
| 9 (RLIN) |
16171 |
| 650 #0 - SUBJECT ADDED ENTRY--TOPICAL TERM |
| Topical term or geographic name entry element |
Rock music |
| Chronological subdivision |
1971-1980. |
| 9 (RLIN) |
16172 |
| 650 #0 - SUBJECT ADDED ENTRY--TOPICAL TERM |
| Topical term or geographic name entry element |
Rock music |
| Chronological subdivision |
1981-1990. |
| 9 (RLIN) |
16173 |
| 650 #7 - SUBJECT ADDED ENTRY--TOPICAL TERM |
| Topical term or geographic name entry element |
Rock music. |
| Source of heading or term |
fast |
| Authority record control number or standard number |
(OCoLC)fst01099204 |
| 9 (RLIN) |
9160 |
| 655 #7 - INDEX TERM--GENRE/FORM |
| Genre/form data or focus term |
Rock music. |
| Source of term |
lcgft |
| 9 (RLIN) |
9161 |
| 655 #7 - INDEX TERM--GENRE/FORM |
| Genre/form data or focus term |
Songs. |
| Source of term |
lcgft |
| 9 (RLIN) |
16174 |
| 906 ## - LOCAL DATA ELEMENT F, LDF (RLIN) |
| a |
7 |
| b |
cbc |
| c |
copycat |
| d |
2 |
| e |
ncip |
| f |
20 |
| g |
y-soundrec |
| 942 ## - ADDED ENTRY ELEMENTS (KOHA) |
| Source of classification or shelving scheme |
Dewey Decimal Classification |
| Koha item type |
Books like text book referance book |
| Suppress in OPAC |
No |